Megadiverse Countries - Sudden Death - Statistics

General Stats
  • This quiz has been taken 86 times
  • The average score is 10 of 17
Answers on the Grid
Answers color-coded by a green-red scale on the quiz's grid according to % correct below.
Australia
Brazil
Cambodia
Canada
China
Colombia
Cuba
D.R. Congo
Ecuador
Egypt
France
India
Indonesia
Japan
Madagascar
Malaysia
Maldives
Mexico
New Zealand
Norway
Papua New Guinea
Peru
Philippines
Saudi Arabia
Solomon Islands
South Africa
Turkey
United Kingdom
United States
Venezuela
 
Answer Stats
Answer % Correct
Brazil
87%
Australia
84%
China
69%
Indonesia
66%
Colombia
63%
Madagascar
61%
Papua New Guinea
61%
India
58%
D.R. Congo
55%
Mexico
55%
United States
55%
Ecuador
54%
Malaysia
52%
Peru
49%
Venezuela
49%
Philippines
48%
South Africa
46%
No matching quizzes found
Score Distribution
Percent of People with Each Score
Percentile by Number Answered
Your Score History
You have not taken this quiz